00535 2200205 4500001002100000005001700021008004100038035002400079090001500103100001900118245003900137250001100176260002900187300002500216500002500241650001100266850001600277990001800293990001800311YOGYA-0209000005095120090227032601.0 ind  0010-020900000050951 a400bPat L aPATEDA, Mansur aLinguistik terapancMansoer Pateda aCet. 1 aFloresbNusa Indahc1991 a233 hlmbilusc21 cm aTermasuk bibliografi aBahasa aYOPDYOG (B) a64624-P/95b1 a64623-P/95b1